Flexibilita v dôchodkovom veku v krajinách EÚ

Prehodnocovanie veku odchodu do dôchodku. Tlak na dlhšie zotrvanie občanov na trhu práce. Systémy dôchodkového zabezpečenia ponúkajú väčšiu flexibilitu pri voľbe odchodu do dôchodku alebo pri pokračovaní v práci, čo sa dosahuje prostredníctvom väčšej prispôsobivosti veku odchodu do dôchodku a výhod...

Ausführliche Beschreibung

Gespeichert in:
Bibliographische Detailangaben
1. Verfasser: Palko, Ján
Format: Buchkapitel
Sprache:Slowakisch
Schlagworte:
Tags: Tag hinzufügen
Keine Tags, Fügen Sie das erste Tag hinzu!

MARC

LEADER 00000nla$a2200000$$$4500
001 0076817
005 20221128083521.8
041 0 |a slo 
044 |a SK 
245 1 0 |a Flexibilita v dôchodkovom veku v krajinách EÚ  |c Ján Palko 
520 |a Prehodnocovanie veku odchodu do dôchodku. Tlak na dlhšie zotrvanie občanov na trhu práce. Systémy dôchodkového zabezpečenia ponúkajú väčšiu flexibilitu pri voľbe odchodu do dôchodku alebo pri pokračovaní v práci, čo sa dosahuje prostredníctvom väčšej prispôsobivosti veku odchodu do dôchodku a výhodných opatrení na predĺženie pracovného života ako aj možnosti poberania dôchodku a príjmu. Význam stanovenia dôchodkového veku v systéme dôchodkového zabezpečenia. 
610 2 0 |a dôchodky 
610 2 0 |a vek 
610 2 0 |a trh práce 
610 2 0 |a zabezpečenie dôchodkové 
100 1 |a Palko, Ján